1230 1563 1539 1178 1179 1452 1762 1275 1297 1295 1481 1152 1112 1942 1436 1901 1731 1705 1679 1513 1328 1574 1408 1783 1914 1033 1823 1086 1461 1232 1718 1564 1598 1718 1153 1133 1195 1571 1557 1309 1431 1865 1527 1189 1980 1886 1556 1145 1720 1430 1093 1354 1271 1893 1278 1298 1544 1964 1114 1059 1576 1791 1396 1285 1800 1989 1278 1182 1267 1378 1276 1254 1839 1892 1371 1046 1897 1078 1775 1408 1078 1467 1739 1907 1725 1551 1961 1821 1024 1753 1663 1343 1638 1851 1785 1987 1656 1219 1103 BCNSPRNW ULIB Ver.6.0+V

เปลี่ยนเป็นภาษาไทย

Change to English
 แสดงรายละเอียดบรรณานุกรม
  กลับหน้าหลัก

Brief Record : Get Marc (ISO 2709) : E-mail record : QR code < ปิดหน้าต่าง
LEADER : 00000nam 2200000uu 4500
001    13399122279
003     ULIB
008    130123s||||||||th 000 0 tha d
020    ^a9781451115611
060  4 ^aWA950^bP728
100 1  ^aPlichta, Stacey Beth,^d1965-
245 10 ^aMunro''s statistical methods for health care research / ^cStacey B. Plichta, Elizabeth A. Kelvin.
246 30 ^aStatistical methods for health care research.
250    ^a6th ed.
260    ^aPhiladelphia :^bWolters Kluwer Health/Lippincott Williams & Wilkins,^cc2013.
300    ^avii, 567 p. :^bill. ;^c23 cm.
500    ^aRev. ed. of: Statistical methods for health care research / Barbara Hazard Munro. 5th ed. c2005.
504    ^aIncludes bibliographical references (p. 547-555) and index.
650  0 ^aNursing^xResearch^xStatistical methods.
650  0 ^aMedical care^xResearch^xStatistical methods.
650 12 ^aHealth Services Research^xmethods.
650 12 ^aStatistics as Topic.
700 1  ^aKelvin, Elizabeth A.
700 1  ^aMunro, Barbara Hazard.^tStatistical methods for healthcare research.
945    ^p1390^l0^i033409
995    ^aKesorn
999    ^aใช้งานได้ทุกระบบ
รายการนี้ยังไม่มีแท็ก
คุณยังไม่ได้ล็อกอิน คุณสามารถมีกิจกรรมร่วมกับเว็บไซต์ได้ แต่ต้องล็อกอินก่อน ::
  ล็อกอิน

รายการสื่อสารสนเทศ

ลำดับที่ ประเภท เลขเรียก/บาร์โค้ด สถานที่ สถานะ
1. Book การพยาบาล
Book การพยาบาล
WA950 P728  
  Barcode: 033409
ห้องสมุดวิทยาเขตสวรรค์ประชารักษ์
►หนังสือทั่วไป
บนชั้น

BibComment


ยังไม่เคยถูกคอมเมนท์

คอมเมนท์ทรัพยากรรายการนี้
  คอมเมนท์: Munros statistic..


 Copyright 2026. Bcnsprnw @Library